Normal view
MARC view
Entry Personal Name
001 - CONTROL NUMBER
- control field: 28293
003 - CONTROL NUMBER IDENTIFIER
- control field: OSt
005 - DATE AND TIME OF LATEST TRANSACTION
- control field: 20211027165153.0
008 - FIXED-LENGTH DATA ELEMENTS
- fixed length control field: 211027|| aca||aabn | a|a d
040 ## - CATALOGING SOURCE
- Original cataloging agency: OSt
- Transcribing agency: OSt
100 ## - HEADING--PERSONAL NAME
- Personal name: Cheng, F.F., Wu, C.S. and Chang, J.Y.T.
670 ## - SOURCE DATA FOUND
- Source citation: Work cat.: (OSt)517976: Cheng, F.F., Wu, C.S. and Chang, J.Y.T. , Interproject conflict management through cooperation in an enterprise system implementation program
